The children of Athena : Athenian ideas about citizenship and the division between the sexes
Αποθηκεύτηκε σε:
| Κύριος συγγραφέας: | |
|---|---|
| Άλλοι συγγραφείς: | |
| Μορφή: | Βιβλίο |
| Γλώσσα: | English French |
| Δημοσίευση: |
Princeton :
Princeton University Press,
c1993.
|
| Θέματα: | |
| Ετικέτες: |
Προσθήκη ετικέτας
Δεν υπάρχουν, Καταχωρήστε ετικέτα πρώτοι!
|
MARC
| LEADER | 00000cam a2200000 i 4500 | ||
|---|---|---|---|
| 001 | 1/72580 | ||
| 008 | 990316s1993 txu| ||| |||| ||eng|| | ||
| 020 | |a 0691037620 | ||
| 035 | |l 10048586 | ||
| 040 | |a GR-MyUA |b gre |e AACR2 | ||
| 041 | 1 | |a eng |h fre | |
| 082 | 0 | |a 305.309385 | |
| 100 | 1 | |a Loraux, Nicole. | |
| 245 | 1 | 4 | |a The children of Athena : |b Athenian ideas about citizenship and the division between the sexes / |c Nicole Loraux ; translated by Caroline Levine ; foreword by Froma I. Zeitlin. |
| 260 | |a Princeton : |b Princeton University Press, |c c1993. | ||
| 300 | |a 271 σ. : |b σχέδια ; | ||
| 504 | |a Περιέχει βιβλιογραφικές αναφορές και ευρετήριο. | ||
| 650 | 0 | |a Sex role |z Greece |z Athens. | |
| 650 | 0 | |a Women |z Greece |z Athens. | |
| 651 | 0 | |a Greece |x Civilization |y To 146 B.C. | |
| 651 | 0 | |a Athens (Greece) |x Social conditions. | |
| 700 | 1 | |a Levine, Caroline, |e trlf | |
| 765 | 0 | 8 | |i Μετάφραση του: |t Les enfants d'Athena : |
| 852 | |a INST |b LESVOS |e 19990316 |h 305.309385 LOR |p 005100016900 |q 005100016900 |t BK |y 0 | ||
| 901 | |a BIBL-1999-1 | ||
| 909 | |a Λ |b 061346 | ||
| 922 | |a 1ΕΛΗ |b 199811 |c ΚΠΣ/ΤΚ |d ΠΑΠΑΣΩΤΗΡΙΟΥ | ||
| 950 | |a 103-1998-07-27 | ||